Η πρακτική της προληπτικής επιθεώρησης δεξαμενόπλοιων : πτυχιακή εργασία

Αποθηκεύτηκε σε:
Λεπτομέρειες βιβλιογραφικής εγγραφής
Κύριος συγγραφέας: Σταυροπούλου, Κατερίνα
Συγγραφή απο Οργανισμό/Αρχή: Πανεπιστήμιο Αιγαίου Σχολή Επιστημών της Διοίκησης Τμήμα Ναυτιλίας και Επιχειρηματικών Υπηρεσιών - Τ.Ν.Ε.Υ
Άλλοι συγγραφείς: Νικητάκος, Νικήτας (Εισηγητής διατριβής)
Μορφή: Thesis Βιβλίο
Γλώσσα:Greek
Δημοσίευση: 2002
Θέματα:
Ετικέτες: Προσθήκη ετικέτας
Δεν υπάρχουν, Καταχωρήστε ετικέτα πρώτοι!

MARC

LEADER 00000cam a2200000 i 4500
001 1/32156
008 030204s2002 gre d
035 |l 10069287 
040 |a GR-MY-UA  |b gre  |e aacr 
041 0 |a gre 
082 0 |a 387.245  |2 (22) 
100 1 |a Σταυροπούλου, Κατερίνα. 
245 1 2 |a Η πρακτική της προληπτικής επιθεώρησης δεξαμενόπλοιων :  |b πτυχιακή εργασία /  |c Κ. Σταυροπούλου ; επιβλέπων: Ν. Νικητάκος 
260 |c 2002 
300 |a 107 σ.;  |b διαγρ., πίν.;  |c 30 εκ. 
502 # # |a Πτυχιακή εργασία – Πανεπιστήμιο Αιγαίου, Χίος, 2002. 
504 |a Περιλαμβάνει βιβλιογραφία 
610 2 0 |a Πανεπιστήμιο Αιγαίου. 
650 0 0 |a Tankers. 
650 0 0 |a Cargo ships. 
650 0 0 |a Marine pollution. 
650 0 0 |a Tankers  |x Safety measures. 
650 0 0 |a Dissertations, Academic  |z Greece. 
700 1 |4 ths  |a Νικητάκος, Νικήτας. 
710 1 |a Πανεπιστήμιο Αιγαίου  |b Σχολή Επιστημών της Διοίκησης  |b Τμήμα Ναυτιλίας και Επιχειρηματικών Υπηρεσιών - Τ.Ν.Ε.Υ. 
852 |a INST  |b CHIOS  |c DIATR  |e 20030204  |h 387.245 ΣΤΑ  |p 005200013521  |q 005200013521  |t DIE  |y 23 
901 |a BIBL2-2003-1 
909 |a Χ  |b 102726 
924 |a ΣΤΑΥΡΟΠΟΥΛΟΥ  |b ΚΑΤΕΡΙΝΑ  |y ΧΙΟΣ  |z 2003-01 
970 |a ΧΑΖΙΡΗ  |b ΑΝΝΑ  |z 2003/01/04